| 000 | 00849nas a2200265 4500 | ||
|---|---|---|---|
| 001 | BR2014002448 | ||
| 003 | BR-BrBNA | ||
| 005 | 20231205123931.0 | ||
| 007 | ta | ||
| 008 | 230509b bl.|||p| |||| 00| 00por d | ||
| 040 |
_aBR-BrBNA _bpor _cBiblioteca Nacional de Agricultura |
||
| 041 | _a(Pt) | ||
| 072 | _aE14 | ||
| 100 | 1 | _aSimão, G.L. | |
| 100 | 1 | _aJacovine, L.A.G. | |
| 100 | 1 | _aSilva, E.D. | |
| 245 | 1 | _aPrograma Bolsa Verde do governo federal; contexto e desempenho | |
| 650 | _aPROJETO DE DESENVOLVIMENTO | ||
| 650 | _aMEIO AMBIENTE | ||
| 650 | _aPOLÍTICAS PÚBLICAS | ||
| 773 | 0 |
_tRevista de Política Agrícola (Brazil) _xISSN 1413-4969 _g(Oct-Dec 2013), v. 22(4) p. 84-94 _wBR2014002448 |
|
| 856 | 4 |
_uRPA 4 2013.pdf#page=85-94 _yRecurso eletrônico (PDF) |
|
| 909 |
_a202311 _bLúcia _c55 _dLúcia Elande |
||
| 942 |
_2AGRIS _n0 _cANA |
||
| 999 |
_c236465 _d236465 |
||